| 000 | 00570nam a22001817a 4500 | ||
|---|---|---|---|
| 003 | CEME | ||
| 005 | 20210628203236.0 | ||
| 008 | 210203b xxu||||| |||| 00| 0 eng d | ||
| 020 | _a1932159585 | ||
| 040 | _c. | ||
| 082 | _a658.4013 KUM | ||
| 100 |
_aKumar, Dhirendra _964215 |
||
| 245 | _aSix sigma best practices , a guide to business process excellence for diverse industries | ||
| 260 |
_aUSA _bJ.ROSS PUBLISHING _c2006 |
||
| 300 | _aXVII, 474P | ||
| 650 |
_aSIX SIGMA BEST PRACTICES.BUSINESS PROCESS EXCELLENCE FOR DIVERSE INDUSTRIES _964216 |
||
| 942 |
_cBK _2ddc |
||
| 999 |
_c572789 _d572789 |
||